A history of the University of Cambridge
This volume brings to completion the four-volume series, a vital contribution to academic history. Special features of this volume relate it to social and political history--especially to the gentry who provided patronage and recruits, as well as the royal court and parliament. The history of the un...
Zapisane w:
| 1. autor: | |
|---|---|
| Format: | Książka |
| Język: | Undetermined |
| Wydane: |
New York,Cambridge [England]
Cambridge University Press
2004
|
| Hasła przedmiotowe: | |
| Etykiety: |
Dodaj etykietę
Nie ma etykietki, Dołącz pierwszą etykiete!
|
| Thư viện lưu trữ: | Trung tâm Học liệu Trường Đại học Cần Thơ |
|---|
| LEADER | 01143nam a2200205Ia 4500 | ||
|---|---|---|---|
| 001 | CTU_167185 | ||
| 008 | 210402s9999 xx 000 0 und d | ||
| 020 | |c 197 | ||
| 082 | |a 378.426 | ||
| 082 | |b M849/Vol.2 | ||
| 100 | |a Morgan, Victor | ||
| 245 | 2 | |a A history of the University of Cambridge | |
| 245 | 0 | |c Victor Morgan ; with a contribution by Christopher Brooke | |
| 260 | |a New York,Cambridge [England] | ||
| 260 | |b Cambridge University Press | ||
| 260 | |c 2004 | ||
| 520 | |a This volume brings to completion the four-volume series, a vital contribution to academic history. Special features of this volume relate it to social and political history--especially to the gentry who provided patronage and recruits, as well as the royal court and parliament. The history of the university features extensive material on its architectural heritage, and a chapter on such intellectual giants between 1660-1740 as Richard Bentley and Isaac Newton. | ||
| 650 | |a University of Cambridge,History,Trường Đại học Cambridge,Lịch sử | ||
| 904 | |i Bích Vân, Trúc | ||
| 980 | |a Trung tâm Học liệu Trường Đại học Cần Thơ | ||